| Tag |
First Indicator |
Second Indicator |
Subfields |
| LEADER |
00000ctm a2200000Ia 4500 |
| 001 |
in00000016329 |
| 005 |
20220104090809.0 |
| 008 |
880524s1986 xx a bm 000 0 eng d |
| 035 |
|
|
|9 AAA9016AM
|
| 035 |
|
|
|a (OCoLC)17993574
|
| 035 |
|
|
|a (OCoLC)ocm17993574
|
| 040 |
|
|
|a TXA
|b eng
|c TXA
|d OCLCQ
|d OCLCF
|d OCLCO
|d OCLCQ
|d TXA
|
| 043 |
|
|
|a n-us---
|
| 049 |
|
|
|a TXAM
|
| 099 |
|
|
|a 1986
|a Dissertation
|a P281
|
| 100 |
1 |
|
|a Pasewark, William Robert.
|
| 245 |
1 |
0 |
|a Determining economic interest in natural resources.
|
| 264 |
|
1 |
|c 1986.
|
| 300 |
|
|
|a x, 158 leaves :
|b illustrations ;
|c 29 cm
|
| 336 |
|
|
|a text
|b txt
|2 rdacontent
|
| 337 |
|
|
|a unmediated
|b n
|2 rdamedia
|
| 338 |
|
|
|a volume
|b nc
|2 rdacarrier
|
| 500 |
|
|
|a Typescript (photocopy).
|
| 500 |
|
|
|a Vita.
|
| 502 |
|
|
|b Ph. D. in Accounting
|c Texas A & M University
|d 1986
|
| 504 |
|
|
|a Includes bibliographical references (leaves 128-130).
|
| 520 |
3 |
|
|a The term "economic interest" represents an investment in a natural resource that will eventually produce a return on capital. The possession of economic interest is necessary for the taxpayer to (1) claim the depletion deduction and (2) recognize a capital gain rather than ordinary income on the sale of natural resources. This study used a population of decisions made by the Tax Court and the Internal Revenue Service in macro-case analysis in an attempt to identify and estimate the importance of the factors used by the judicial courts and the IRS to determine the existence of economic interest and how these factors differ in a variety of circumstances (different decision makers, different types of transactions, and different natural resources). Decision criteria of the models were also compared to the regulations. The Tax Court and the IRS were found to use different decision criteria to determine economic interest. The Tax Court decisions used only one of the variables contained in the regulations and made no distinction between depletion and capital gains transactions in the determination of the existence of economic interest. The rulings made by the IRS used another variable in addition to the two contained in the regulations and tended to alter decision criteria in depletion transactions compared to capital gains transactions. Only limited evidence supported differences in decision criteria for economic interest decisions between various natural resources.
|
| 650 |
|
0 |
|a Natural resources
|x Taxation
|x Law and legislation
|z United States.
|
| 650 |
|
4 |
|a Major accounting.
|
| 655 |
|
7 |
|a Academic theses
|2 lcgft
|
| 700 |
1 |
|
|a Crumbley, D. Larry,
|e degree committee member.
|
| 700 |
1 |
|
|a Grossman, Steven D.,
|e degree supervisor.
|
| 700 |
1 |
|
|a Kilpatrick, Bob,
|e degree committee member.
|
| 700 |
1 |
|
|a Smith, Laurel,
|e degree committee member.
|
| 700 |
1 |
|
|a Wiggins, Casper,
|e degree committee member.
|
| 710 |
2 |
|
|a Texas A & M University,
|e degree granting institution.
|
| 856 |
4 |
1 |
|u http://proxy.library.tamu.edu/login?url=http://proquest.umi.com/pqdweb?did=753681731&sid=1&Fmt=2&clientId=2945&RQT=309&VName=PQD
|z Link to ProQuest copy
|t 0
|
| 856 |
4 |
1 |
|u https://hdl.handle.net/1969.1/DISSERTATIONS-22711
|z Link to OAKTrust copy
|t 0
|
| 994 |
|
|
|a C0
|b TXA
|
| 999 |
f |
f |
|s 0c5bde52-0349-30af-8109-81ded6c78453
|i 27bce718-23cb-3a36-bbbf-ab4e3a4c21c0
|t 0
|
| 952 |
f |
f |
|p noncirc
|a Texas A&M University
|b J.J. Pickle Campus
|c High Density Repository
|s HDR
|d Remote Storage
|t 0
|e 1986 Dissertation P281
|h Other scheme
|i unmediated -- volume
|m A14839616568
|
| 952 |
f |
f |
|a Texas A&M University
|b College Station
|c Electronic Resources
|s www_evans
|d Available Online
|t 0
|e 1986 Dissertation P281
|h Other scheme
|
| 998 |
f |
f |
|a 1986 Dissertation P281
|t 0
|l Remote Storage
|
| 998 |
f |
f |
|a 1986 Dissertation P281
|t 0
|l Available Online
|